00525nam a2200193 a 4500001001300000003000900013005001700022008004100039020002300080082001700103100001500120245006400135260004400199300000900243500003500252505001000287650001900297700001500316nice12345678IN_TiNIC20260116014711.0120109s2011 lona grp 000 0 eng  a9780198074908c48500a200.054bMAD aMadan, T N aIndia`s Religionsb Perspectives from Sociology and History aLondan bOxford University Press c2011 a460p aincludes index and biblioraphy2 aIndex aReligion-India1 aMadan, T N